Statistics for Ultimate Saints Row the Third Quiz

Click here to take the quiz!

General Stats

  • This quiz has been taken 25 times
  • The average score is 8 of 12

Answer Stats

HintAnswer% Correct
Leader of the LuchadoresKillbane
95%
The Main City in the GameSteelport
95%
Leader of the DeckersMatt Miller
90%
Dies in the 2nd mission of the GameJohnny Gat
86%
Syndicate LeaderPhillipe Loren
76%
Carries a Golden Mic that alters his voiceZimos
71%
Similar to Oleg but dumberBrutes
57%
Shaundi hates this personJosh Birk
52%
Leaders of Morning StarsKiki and Viola DeWynter
48%
News Reporter that interviews KillbaneJane Valderamma
43%
The SenatorMonica Hughes
33%
Shitty FBI AgentKinzie Kensngton
10%

Score Distribution

Percentile by Number Answered

Percent of People with Each Score

Your Score History

You have not taken this quiz